एका घरात होती. (Record no. 253279)

MARC details
000 -LEADER
fixed length control field 00568nam a2200181Ia 4500
008 - FIXED-LENGTH DATA ELEMENTS--GENERAL INFORMATION
fixed length control field 090630s9999 xx 000 0 und d
082 ## - DEWEY DECIMAL CLASSIFICATION NUMBER
Item number 1423
100 ## - MAIN ENTRY--PERSONAL NAME
Personal name खरे सुरेश.
245 ## - TITLE STATEMENT
Title एका घरात होती.
Statement of responsibility, etc खरे सुरेश.
260 ## - PUBLICATION, DISTRIBUTION, ETC. (IMPRINT)
Name of publisher, distributor, etc जोशी के. वा.
Date of publication, distribution, etc 1972
300 ## - PHYSICAL DESCRIPTION
Extent 93
600 ## - SUBJECT ADDED ENTRY--PERSONAL NAME
Personal name खरे सुरेश.
630 ## - SUBJECT ADDED ENTRY--UNIFORM TITLE
Uniform title एका घरात होती.
655 ## - INDEX TERM--GENRE/FORM
Genre/form data or focus term नाटक.
700 ## - ADDED ENTRY--PERSONAL NAME
Personal name खरे सुरेश.
730 ## - ADDED ENTRY--UNIFORM TITLE
Uniform title एका घरात होती.
942 ## - ADDED ENTRY ELEMENTS (KOHA)
Koha item type Book
Holdings
Withdrawn status Lost status Damaged status Not for loan Home library Current library Date acquired Cost, normal purchase price Total Checkouts Full call number Barcode Date last seen Cost, replacement price Price effective from Koha item type
        Sarvajanik Wachanalaya Shrivardhan Sarvajanik Wachanalaya Shrivardhan 02/08/2004 5.00   1423 SAWASHRI-1423 06/30/2009 5.00 06/30/2009 Book